Borders With Morocco - Statistics

General Stats
  • This quiz has been taken 23 times
  • The average score is 10 of 14
Answer Stats
Answer % Correct
Algeria
100%
Mauritania
100%
Spain
100%
Mali
81%
Tunisia
76%
France
71%
Senegal
71%
Portugal
67%
Egypt
62%
Libya
62%
Italy
52%
United Kingdom
52%
Greece
38%
Turkey
29%
No matching quizzes found
Score Distribution
Percent of People with Each Score
Percentile by Number Answered
Your Score History
You have not taken this quiz